000 00539nam a2200169 a 4500
001 000028653
003 DO-SdBNP
005 20250714120053.0
008 110411s1980 dr 000 0 spa d
040 _aDO-SdBNP
_bspa
_cBNPHU
049 _aBNPD
245 0 0 _aDesarrollo pesquero en la República Dominicana :
_binforme final /.
260 _aSanto Domingo :
_bINDOTEC
_bFisheries Development Limited,
_c1980.
300 _a435 P. :
_bil., map. ;
_c28 cm.
710 2 _aBanco Central de la República Dominicana
_983405
942 _2ddc
_cLBS1
999 _c28145
_d28145